[Event "SK Johanneum Eppendorf II - SC Diogenes II"]
[Site "Landesliga Hamburg 2022/23"]
[Date "2023.04.02"]
[Round "7.13"]
[White "Buchholz, Robert"]
[Black "Seidel, Mika"]
[Result "1/2-1/2"]
[WhiteElo "1975"]
[BlackElo "1975"]
[PlyCount "99"]

1. d4 Nf6 2. Nf3 g6 3. g3 Bg7 4. Bg2 O-O 5. O-O d5 6. c3 c5 7. Nbd2 cxd4 8. cxd4 Nc6 9. Nb3 a5 10. Bd2 a4 11. Nc5 Ne4 12. Nxa4 Nxd2 13. Nxd2 Nxd4 14. Nc3 e6 15. e3 Nc6 16. Nb3 b6 17. Qd2 Ba6 18. Rfd1 Rc8 19. Bf1 Bxf1 20. Kxf1 Ne5 21. Rac1 Nc4 22. Qe2 Qf6 23. Nd4 Rfd8 24. b3 Nd6 25. Ndb5 Nxb5 26. Nxb5 Qb2 27. Qxb2 Bxb2 28. Rxc8 Rxc8 29. Ke2 Kf8 30. Kd3 Rc5 31. a4 Ke7 32. h3 h6 33. g4 Bf6 34. Rd2 Rc1 35. Rc2 Rxc2 36. Kxc2 Kd7 37. f4 Bh4 38. Kd3 Bg3 39. Nd4 Be1 40. e4 Kd6 41. f5 Bf2 42. fxg6 fxg6 43. b4 Bxd4 44. Kxd4 e5+ 45. Kd3 d4 46. Kd2 Kc6 47. Ke2 Kd6 48. Kf3 Kc6 49. Kf2 Kd6 50. Ke2 1/2-1/2

[Event "SK Johanneum Eppendorf II - SC Diogenes II"]
[Site "Landesliga Hamburg 2022/23"]
[Date "2023.04.02"]
[Round "7.15"]
[White "Zehic, Emir"]
[Black "Schmidt, Armin"]
[Result "1/2-1/2"]
[WhiteElo "1772"]
[BlackElo "1976"]
[PlyCount "84"]

1. e4 c6 2. d4 d5 3. e5 Bf5 4. Bd3 Bxd3 5. Qxd3 e6 6. Ne2 Ne7 7. b3 Nd7 8. Bb2 Qc7 9. Nd2 c5 10. f4 Nc6 11. a3 Rc8 12. Rc1 Nxd4 13. Nxd4 cxd4 14. Bxd4 Bxa3 15. Ra1 Bc5 16. c4 O-O 17. cxd5 exd5 18. Ke2 Qb6 19. Bb2 Bb4 20. Bd4 Nc5 21. Bxc5 Rxc5 22. Rhc1 Rfc8 23. Rxc5 Qxc5 24. Nf3 a6 25. Rd1 Rd8 26. Ng5 g6 27. e6 fxe6 28. Nxe6 Re8 29. f5 d4 30. g4 Bc3 31. Kf1 Qb5 32. Qxb5 axb5 33. Kf2 gxf5 34. gxf5 Kf7 35. Kf3 Kf6 36. Ke4 Rg8 37. Nf4 Re8+ 38. Ne6 Rg8 39. Nf4 Rg4 40. h3 Rh4 41. Rd3 b4 42. Rg3 Kf7 1/2-1/2

[Event "SK Johanneum Eppendorf II - SC Diogenes II"]
[Site "Landesliga Hamburg 2022/23"]
[Date "2023.04.02"]
[Round "7.16"]
[White "Wahl, Daniel"]
[Black "Zehic, Semir"]
[Result "1-0"]
[WhiteElo "1903"]
[BlackElo "1738"]
[PlyCount "71"]

1. e4 c5 2. Nf3 e6 3. d4 cxd4 4. Nxd4 Nf6 5. Nc3 Nc6 6. Ndb5 Bb4 7. a3 Bxc3+ 8. Nxc3 d5 9. exd5 Nxd5 10. Nxd5 Qxd5 11. Qxd5 exd5 12. Bf4 O-O 13. O-O-O Be6 14. Be2 Rfd8 15. Rd2 Rac8 16. Bf3 Na5 17. Kb1 Nc4 18. Rd4 Bf5 19. Rc1 Rc5 20. g4 Bg6 21. Ka2 Nb6 22. c3 Rc4 23. Rcd1 Rxd4 24. Rxd4 Rd7 25. b3 f6 26. Bb8 a6 27. Ba7 Nc8 28. Bxd5+ Rxd5 29. Rxd5 Nxa7 30. Rd8+ Kf7 31. Rd7+ Ke6 32. Rxb7 Nb5 33. Kb2 Nd6 34. Rb6 Bd3 35. c4 a5 36. c5 1-0

[Event "SK Weisse Dame - SV Diagonale Harburg"]
[Site "Landesliga Hamburg 2022/23"]
[Date "2023.04.02"]
[Round "7.17"]
[White "Fries-Nielsen, Jens Ove"]
[Black "Mandelbaum, Peter-Rene"]
[Result "1-0"]
[WhiteElo "2375"]
[BlackElo "2094"]
[PlyCount "109"]

1. d4 d5 2. Nc3 Nf6 3. a3 Bf5 4. e3 e6 5. h3 c5 6. g4 Bg6 7. Nge2 h6 8. Nf4 Bh7 9. h4 Nc6 10. g5 Nd7 11. g6 Bg8 12. Bd3 Qf6 13. Qg4 O-O-O 14. Nce2 c4 15. gxf7 Bxf7 16. Bg6 Bxg6 17. Qxg6 Qxg6 18. Nxg6 Rg8 19. Nef4 Re8 20. Nxf8 Rgxf8 21. h5 Nf6 22. Bd2 Kd7 23. f3 Nh7 24. O-O-O Ng5 25. Rhf1 Rf5 26. Be1 Ref8 27. Bg3 Ne7 28. b3 cxb3 29. cxb3 Rc8+ 30. Kb2 Nc6 31. Rc1 Ne7 32. Rxc8 Nxc8 33. Nd3 Ne7 34. Nc5+ Kc8 35. Bh4 Nc6 36. Bxg5 Rxg5 37. Nxe6 Rxh5 38. Nxg7 Rh2+ 39. Kc3 Kd7 40. Nf5 h5 41. e4 dxe4 42. fxe4 Rh3+ 43. Kc4 b5+ 44. Kd5 Rxb3 45. e5 Ne7+ 46. Nxe7 Kxe7 47. e6 Rxa3 48. Rf7+ Ke8 49. Kd6 b4 50. d5 b3 51. Rh7 Ra6+ 52. Kc7 Ra1 53. d6 Rc1+ 54. Kb8 Kf8 55. e7+ 1-0

[Event "SK Weisse Dame - SV Diagonale Harburg"]
[Site "Landesliga Hamburg 2022/23"]
[Date "2023.04.02"]
[Round "7.18"]
[White "Lansky, Georg"]
[Black "Fries-Nielsen, Niels Jorgen"]
[Result "0-1"]
[WhiteElo "2065"]
[BlackElo "2282"]
[PlyCount "66"]

1. e4 c5 2. Nf3 Nc6 3. d4 cxd4 4. Nxd4 Qb6 5. Nb5 a6 6. Be3 Qa5+ 7. N5c3 e6 8. Bd3 Bc5 9. Bxc5 Qxc5 10. Nd2 b5 11. O-O Nge7 12. Kh1 O-O 13. f4 f5 14. Nb3 Qb6 15. exf5 Nxf5 16. Bxf5 Rxf5 17. Ne4 Qe3 18. Qf3 Qxf3 19. Rxf3 Nb4 20. Nd6 Rd5 21. Nxc8 Rxc8 22. a3 Nxc2 23. Rc1 Rc4 24. Na5 Rcd4 25. Rff1 Ne3 26. Rfe1 Nc4 27. Nxc4 Rxc4 28. Rxc4 bxc4 29. Kg1 Rd2 30. Re4 d5 31. Rxe6 Rxb2 32. Kf1 c3 33. Re2 d4 0-1

[Event "SK Weisse Dame - SV Diagonale Harburg"]
[Site "Landesliga Hamburg 2022/23"]
[Date "2023.04.02"]
[Round "7.19"]
[White "Andries, Alf"]
[Black "Schiele, Lars"]
[Result "1/2-1/2"]
[WhiteElo "2067"]
[BlackElo "2049"]
[PlyCount "43"]

1. e4 e5 2. Nf3 Nc6 3. d4 exd4 4. Nxd4 Nf6 5. Nxc6 bxc6 6. e5 Qe7 7. Qe2 Nd5 8. c4 Nb6 9. Nd2 g6 10. Ne4 Bg7 11. Bg5 Qb4+ 12. Kd1 O-O 13. Nf6+ Kh8 14. h4 d6 15. h5 dxe5 16. hxg6 Qd6+ 17. Qd3 h6 18. Qxd6 cxd6 19. gxf7 Rxf7 20. Ne4 d5 21. cxd5 Nxd5 22. Nd2 {(=)} 1/2-1/2

[Event "SK Weisse Dame - SV Diagonale Harburg"]
[Site "Landesliga Hamburg 2022/23"]
[Date "2023.04.02"]
[Round "7.20"]
[White "Ludwig, Jan"]
[Black "Syed, Tareq"]
[Result "1/2-1/2"]
[WhiteElo "2048"]
[BlackElo "1940"]
[PlyCount "34"]

1. e4 d6 2. d4 Nf6 3. Nc3 e5 4. Nf3 Nbd7 5. h3 Be7 6. Be3 c6 7. a4 Qa5 8. Qd2 Nf8 9. Rb1 Ng6 10. Bc4 O-O 11. O-O Qc7 12. b4 Nh5 13. Ne2 Nf6 14. Ng3 d5 15. exd5 cxd5 16. Bb3 e4 17. Ne5 Bd6 {(=)} 1/2-1/2

[Event "SK Weisse Dame - SV Diagonale Harburg"]
[Site "Landesliga Hamburg 2022/23"]
[Date "2023.04.02"]
[Round "7.21"]
[White "Holst, Marten"]
[Black "Kuhle, Sebastian"]
[Result "1/2-1/2"]
[WhiteElo "1901"]
[BlackElo "2036"]
[PlyCount "67"]

1. Nf3 Nf6 2. g3 b6 3. Bg2 Bb7 4. c4 c5 5. O-O e6 6. Nc3 Be7 7. d4 cxd4 8. Nxd4 Bxg2 9. Kxg2 O-O 10. Bf4 a6 11. e4 d6 12. Be3 Qc7 13. Rc1 Qb7 14. Qf3 Nbd7 15. Bf4 Rfc8 16. Qe2 Nc5 17. Nb3 Nfxe4 18. f3 Nxb3 19. axb3 Nxc3 20. Rxc3 d5 21. cxd5 Rxc3 22. bxc3 Qxd5 23. c4 Qc6 24. Rc1 Bf6 25. Be3 g6 26. c5 bxc5 27. Rxc5 Qb7 28. Qc2 Rb8 29. Bh6 Bg7 30. Rc7 Qa8 31. Bf4 h5 32. Rxf7 Kxf7 33. Qc7+ Kg8 34. Qxb8+ {(=)} 1/2-1/2

[Event "SK Weisse Dame - SV Diagonale Harburg"]
[Site "Landesliga Hamburg 2022/23"]
[Date "2023.04.02"]
[Round "7.23"]
[White "Haschimi, Haschem"]
[Black "Lam, Daniel"]
[Result "0-1"]
[WhiteElo "1817"]
[BlackElo "1923"]
[PlyCount "102"]

1. c4 Nf6 2. Nc3 e6 3. d4 Bb4 4. Bd2 d5 5. e3 O-O 6. Nf3 c5 7. a3 cxd4 8. exd4 Be7 9. c5 Nc6 10. Qc2 e5 11. dxe5 Ng4 12. Bd3 g6 13. b4 a5 14. h3 Ngxe5 15. Nxe5 Nxe5 16. O-O Nxd3 17. Qxd3 axb4 18. axb4 Rxa1 19. Rxa1 Bf6 20. Bh6 Bf5 21. Qd2 Re8 22. Rd1 d4 23. Nb5 d3 24. Be3 Be5 25. f4 Bb8 26. Nc3 Qh4 27. Rf1 Bxh3 28. Nd5 Be6 29. Bf2 Qd8 30. Nc3 Bf5 31. g3 Qd7 32. Be3 Bc7 33. Kf2 Qc6 34. b5 Qd7 35. Rg1 h5 36. Qa2 Be6 37. Qa4 Bd8 38. Bd4 Bf5 39. c6 bxc6 40. bxc6 Qe6 41. Be5 Bb6+ 42. Bd4 Bxd4+ 43. Qxd4 Qxc6 44. g4 hxg4 45. Nd5 Qc2+ 46. Kg3 Qe2 47. Nf6+ Kf8 48. Nxe8 Qf3+ 49. Kh4 Qh3+ 50. Kg5 Qh5+ 51. Kf6 Qh8+ 0-1

[Event "FC St. Pauli III - Hamburger SK IV"]
[Site "Landesliga Hamburg 2022/23"]
[Date "2023.04.02"]
[Round "7.25"]
[White "Jantzen, Hans-Joerg"]
[Black "Kahlert, Thomas"]
[Result "1/2-1/2"]
[WhiteElo "2132"]
[BlackElo "2160"]
[PlyCount "69"]

1. d4 Nf6 2. Bf4 d5 3. e3 g6 4. Nc3 Bg7 5. h4 h5 6. Nh3 O-O 7. Nb5 Na6 8. c3 c6 9. Na3 Nc7 10. Bd3 Nd7 11. Qc2 e5 12. Bg3 Ne6 13. f4 exd4 14. exd4 c5 15. f5 gxf5 16. Bxf5 Nf6 17. O-O cxd4 18. Rae1 d3 19. Bxd3 Nc5 20. Ng5 Nce4 21. Bxe4 Nxe4 22. Nxe4 dxe4 23. Rxe4 Qd5 24. c4 Qc6 25. Kh2 Qg6 26. Re2 Bg4 27. Ref2 a6 28. b3 Bd4 29. Qxg6+ fxg6 30. Rxf8+ Rxf8 31. Rxf8+ Kxf8 32. Bd6+ Kf7 33. Nc2 Bf2 34. Bg3 Bc5 35. Bf4 1/2-1/2

[Event "FC St. Pauli III - Hamburger SK IV"]
[Site "Landesliga Hamburg 2022/23"]
[Date "2023.04.02"]
[Round "7.26"]
[White "Thomaschke, Dirk"]
[Black "Meier, David Geffrey"]
[Result "0-1"]
[WhiteElo "2167"]
[BlackElo "2074"]
[PlyCount "24"]

1. e4 d5 2. exd5 Qxd5 3. Nc3 Qa5 4. Bc4 Nf6 5. d4 Bg4 6. Nge2 Nc6 7. Bb5 O-O-O 8. Bxc6 bxc6 9. f3 Bh5 10. Qd3 e6 11. Be3 Nd5 12. Bd2 Nb4 0-1

[Event "FC St. Pauli III - Hamburger SK IV"]
[Site "Landesliga Hamburg 2022/23"]
[Date "2023.04.02"]
[Round "7.27"]
[White "Atri, Jamshid"]
[Black "Schleicher, Guido"]
[Result "0-1"]
[WhiteElo "1983"]
[BlackElo "2160"]
[PlyCount "92"]

1. e4 c5 2. Nf3 e6 3. d4 cxd4 4. Nxd4 Nf6 5. Nc3 Nc6 6. g3 Bb4 7. Bg2 O-O 8. O-O a6 9. Nde2 b5 10. h3 Bxc3 11. Nxc3 b4 12. Ne2 Qc7 13. c4 Bb7 14. b3 e5 15. g4 d6 16. Be3 Ne7 17. Ng3 Ng6 18. Qd2 a5 19. g5 Ne8 20. Nf5 Rd8 21. a3 Bc8 22. axb4 Bxf5 23. exf5 Nh4 24. Rxa5 Nxg2 25. Kxg2 Qb7+ 26. f3 Nc7 27. Rd1 g6 28. f6 h6 29. h4 e4 30. f4 h5 31. Kg3 Qc8 32. Qe2 Na6 33. Rb5 Nc7 34. Rb6 d5 35. c5 Qf5 36. Bd4 Ra8 37. Be5 Ne6 38. Rxd5 Nxf4 39. Bxf4 Qxd5 40. Qc4 Qf5 41. Qe2 Ra3 42. Be3 Rxb3 43. Kg2 Ra8 44. c6 Rxe3 45. Qxe3 Ra2+ 46. Kg1 Qg4+ 0-1

[Event "FC St. Pauli III - Hamburger SK IV"]
[Site "Landesliga Hamburg 2022/23"]
[Date "2023.04.02"]
[Round "7.28"]
[White "Wronn, Bernd"]
[Black "Juergens, Bernhard"]
[Result "1/2-1/2"]
[WhiteElo "2138"]
[BlackElo "2123"]
[PlyCount "72"]

1. Nf3 f5 2. c4 Nf6 3. g3 g6 4. Bg2 Bg7 5. O-O O-O 6. d4 d6 7. Nc3 Qe8 8. Re1 Qf7 9. d5 Ne4 10. Nd4 c5 11. dxc6 Nxc6 12. Be3 Nxd4 13. Nxe4 Ne6 14. Ng5 Nxg5 15. Bxg5 h6 16. Bd2 Bd7 17. Bxb7 Rab8 18. Bd5 e6 19. Bf3 Rxb2 20. Rb1 Rxb1 21. Qxb1 e5 22. Bd5 Be6 23. Bxe6 Qxe6 24. Qb3 Rc8 25. Rc1 Kh7 26. Be3 Rc7 27. h4 f4 28. Bd2 fxg3 29. fxg3 Qg4 30. Qd3 e4 31. Qe3 Bd4 32. Qxd4 Qxg3+ 33. Kh1 Qh3+ 34. Kg1 Qg3+ 35. Kh1 Qh3+ 36. Kg1 Qg3+ 1/2-1/2

[Event "FC St. Pauli III - Hamburger SK IV"]
[Site "Landesliga Hamburg 2022/23"]
[Date "2023.04.02"]
[Round "7.29"]
[White "Rogozenco, Teodora"]
[Black "Goepfert, Jakob"]
[Result "0-1"]
[WhiteElo "1938"]
[BlackElo "2135"]
[PlyCount "74"]

1. d4 d5 2. g3 Nf6 3. Bg2 e6 4. Nf3 Be7 5. O-O O-O 6. Nbd2 b6 7. c4 Bb7 8. cxd5 exd5 9. Nb3 a5 10. Bf4 a4 11. Nbd2 a3 12. Rc1 c5 13. b3 Nc6 14. dxc5 bxc5 15. Qc2 Nb4 16. Qb1 Re8 17. Nh4 Ba6 18. Bf3 Bf8 19. Rfe1 Qd7 20. Nf1 Rac8 21. Ne3 h6 22. Qf5 Re6 23. Be5 Qe8 24. Ba1 d4 25. Nc4 Nxa2 26. Rb1 Nb4 27. Nxa3 Bd3 28. Qh3 Bxb1 29. Rxb1 g6 30. Ng2 Ne4 31. Bg4 f5 32. Bf3 Ng5 33. Qh4 Nxf3+ 34. exf3 Nd3 35. Nc2 Bg7 36. b4 Re2 37. Nce1 Nxe1 0-1

[Event "FC St. Pauli III - Hamburger SK IV"]
[Site "Landesliga Hamburg 2022/23"]
[Date "2023.04.02"]
[Round "7.30"]
[White "Grote, Dirk"]
[Black "Weidmann, Kevin"]
[Result "1-0"]
[WhiteElo "2055"]
[BlackElo "1955"]
[PlyCount "119"]

1. d4 Nf6 2. Nf3 e6 3. c4 Bb4+ 4. Bd2 a5 5. a3 Bxd2+ 6. Qxd2 d6 7. Nc3 Qe7 8. g3 O-O 9. Bg2 Nbd7 10. O-O e5 11. b4 Nb6 12. c5 axb4 13. axb4 Rxa1 14. Rxa1 dxc5 15. bxc5 exd4 16. Qxd4 Nbd7 17. c6 bxc6 18. Ra7 c5 19. Qf4 Qd6 20. Rxc7 Qxf4 21. gxf4 Ba6 22. Ne5 Nxe5 23. fxe5 Ng4 24. Rxc5 Rc8 25. Rxc8+ Bxc8 26. Bh3 Bd7 27. Bxg4 Bxg4 28. Kg2 h6 29. Kg3 Be6 30. h4 g6 31. e3 Kg7 32. Nb5 g5 33. Nd4 Bd7 34. h5 Ba4 35. Nf5+ Kh7 36. Nd6 Kg7 37. f3 Bd7 38. Ne4 Bf5 39. Nf6 Be6 40. Ne8+ Kh7 41. f4 Bc8 42. Nd6 Be6 43. Ne4 Bf5 44. Nf6+ Kg7 45. Ne8+ Kh7 46. Kf2 Be6 47. Nf6+ Kg7 48. Kf3 Bb3 49. fxg5 hxg5 50. Kg4 Kh6 51. Ng8+ Kg7 52. Ne7 f6 53. Nf5+ Kf7 54. Nd6+ Ke7 55. exf6+ Kxd6 56. Kxg5 Bg8 57. Kg6 Ke6 58. Kg7 Kf5 59. f7 Bxf7 60. Kxf7 1-0

[Event "FC St. Pauli III - Hamburger SK IV"]
[Site "Landesliga Hamburg 2022/23"]
[Date "2023.04.02"]
[Round "7.31"]
[White "Chyzynski, David"]
[Black "Thieme, Daniel Otis"]
[Result "0-1"]
[WhiteElo "1788"]
[BlackElo "2061"]
[PlyCount "112"]

1. d4 Nf6 2. Nf3 d5 3. g3 e6 4. Bg2 Be7 5. O-O O-O 6. b3 c5 7. dxc5 Na6 8. Bb2 Nxc5 9. Nbd2 b5 10. Ne5 Qc7 11. c4 bxc4 12. Nexc4 Ba6 13. Ne3 Rad8 14. Rc1 Qb8 15. Bxf6 gxf6 16. Re1 f5 17. Nf3 Ne4 18. Nd4 Bg5 19. Nc6 Qb6 20. Bxe4 Bxe3 21. fxe3 Qxe3+ 22. Kf1 Qxe4 23. Nxd8 Qh1+ 24. Kf2 Qxh2+ 25. Kf3 Qh5+ 26. Kg2 Rxd8 27. e3 Qg6 28. Qd4 Qh5 29. Qh4 Qxh4 30. gxh4 Rd7 31. Red1 Kg7 32. Rc3 Kf6 33. Rdc1 d4 34. exd4 Rxd4 35. Rc7 Rd2+ 36. Kg3 Be2 37. Rxa7 Bh5 38. Rf1 Bg4 39. Rf2 Rd3+ 40. Kg2 e5 41. Ra6+ Kg7 42. h5 h6 43. Ra5 Kf6 44. Ra6+ Kg5 45. Ra5 e4 46. Re5 Bf3+ 47. Kg3 Bxh5+ 48. Kg2 Bf3+ 49. Kg3 h5 50. b4 h4+ 51. Kh3 Kf4 52. Re7 e3 53. Rf1 Rd2 54. b5 Rf2 55. Re1 Bg4+ 56. Kxh4 Rh2# 0-1

[Event "FC St. Pauli III - Hamburger SK IV"]
[Site "Landesliga Hamburg 2022/23"]
[Date "2023.04.02"]
[Round "7.32"]
[White "David, Torsten"]
[Black "Wartenberg, Alissa"]
[Result "1/2-1/2"]
[WhiteElo "2045"]
[BlackElo "1798"]
[PlyCount "81"]

1. e4 c5 2. c3 Nf6 3. e5 Nd5 4. d4 cxd4 5. Nf3 Nc6 6. Bc4 Nb6 7. Bb3 d6 8. exd6 Qxd6 9. O-O Bf5 10. cxd4 e6 11. Nc3 Be7 12. Be3 O-O 13. Qe2 Rfd8 14. a3 Bf6 15. Rfd1 h6 16. d5 Nxd5 17. Nxd5 exd5 18. Rxd5 Qxd5 19. Bxd5 Rxd5 20. Rd1 Rxd1+ 21. Qxd1 Rd8 22. Nd2 Bxb2 23. Qb3 Bc1 24. Nf1 Bxe3 25. Qxe3 Rd1 26. Qf3 Bc2 27. h3 Nd4 28. Qe3 Nb3 29. Qc3 Bd3 30. Qxb3 Rxf1+ 31. Kh2 Ba6 32. Qe3 g6 33. Qxa7 Re1 34. Qd4 Re2 35. a4 Re6 36. Qc5 Rc6 37. Qd5 Rc4 38. Qd7 Kg7 39. Kg3 Kg8 40. Kf3 Kg7 41. Kg3 1/2-1/2

[Event "SV Großhansdorf - SK Marmstorf"]
[Site "Landesliga Hamburg 2022/23"]
[Date "2023.04.02"]
[Round "7.33"]
[White "Kuberczyk, Christoph"]
[Black "Wahls, Matthias"]
[Result "0-1"]
[WhiteElo "2286"]
[BlackElo "2529"]
[PlyCount "100"]

1. Nf3 Nf6 2. g3 d5 3. Bg2 c5 4. O-O e6 5. c3 Nc6 6. d4 Qb6 7. dxc5 Bxc5 8. b4 Bd6 9. a4 O-O 10. Nbd2 Rd8 11. Qc2 Qc7 12. b5 Na5 13. Nb3 Nc4 14. Nfd2 Bd7 15. e4 Rac8 16. exd5 Nxd5 17. Ne4 Be5 18. Nbc5 f5 19. Nxd7 Qxd7 20. Nd2 Bxc3 21. Nxc4 Bxa1 22. Bg5 Bf6 23. Bxf6 Nxf6 24. Qe2 Nd5 25. Na5 Re8 26. Qd3 Rc5 27. Qd4 b6 28. Nc6 a6 29. Ne5 Qc8 30. bxa6 Qxa6 31. Nd7 Ra5 32. Qe5 Qb7 33. Qd6 Qc7 34. Qxc7 Nxc7 35. Nxb6 Rb8 36. Nd7 Rd8 37. Rd1 Kh8 38. Bc6 Ra6 39. Rc1 Rxc6 40. Rxc6 Rxd7 41. a5 g6 42. a6 Nd5 43. Rxe6 Ra7 44. h4 Nb4 45. Rb6 Nxa6 46. h5 Kg7 47. hxg6 hxg6 48. g4 fxg4 49. Kg2 Nc5 50. Rb4 Ra4 0-1

[Event "SV Großhansdorf - SK Marmstorf"]
[Site "Landesliga Hamburg 2022/23"]
[Date "2023.04.02"]
[Round "7.34"]
[White "Gara, Anita"]
[Black "Hawellek, Jeronimo"]
[Result "0-1"]
[WhiteElo "2356"]
[BlackElo "2266"]
[PlyCount "64"]

1. e4 c6 2. d4 d5 3. e5 Bf5 4. h4 Qc7 5. g4 Bd7 6. Nc3 e6 7. Be3 c5 8. Nb5 Bxb5 9. Bxb5+ Nc6 10. Bxc6+ Qxc6 11. Ne2 h5 12. g5 Ne7 13. Ng3 cxd4 14. Bxd4 Qc4 15. c3 Nc6 16. b3 Qa6 17. Qe2 Qa5 18. O-O g6 19. Rac1 Be7 20. Kg2 Kf8 21. f4 Kg7 22. Rf2 Ba3 23. Rcf1 Bc5 24. Qe3 Bxd4 25. cxd4 Ne7 26. Rc1 Rac8 27. Rfc2 Rxc2+ 28. Rxc2 Rc8 29. Qe2 Rxc2 30. Qxc2 Nc6 31. Ne2 Qe1 32. Ng3 Nxd4 0-1

[Event "SV Großhansdorf - SK Marmstorf"]
[Site "Landesliga Hamburg 2022/23"]
[Date "2023.04.02"]
[Round "7.36"]
[White "Kuhn, Gerd"]
[Black "Diekmann, Jens"]
[Result "1/2-1/2"]
[WhiteElo "1979"]
[BlackElo "2046"]
[PlyCount "45"]

1. d4 Nf6 2. Bg5 d5 3. e3 Bf5 4. Nf3 Nbd7 5. Nh4 Bg6 6. Nxg6 hxg6 7. Nd2 e6 8. Be2 Be7 9. c3 c6 10. Qb3 Qb6 11. Qxb6 axb6 12. a3 b5 13. O-O-O Nb6 14. Bf4 Nc4 15. Nxc4 bxc4 16. Bf3 c5 17. h3 b5 18. dxc5 Bxc5 19. Be5 O-O-O 20. Rd2 Be7 21. Kc2 Kb7 22. Re1 Kc6 23. Bxf6 1/2-1/2

[Event "SV Großhansdorf - SK Marmstorf"]
[Site "Landesliga Hamburg 2022/23"]
[Date "2023.04.02"]
[Round "7.37"]
[White "Koenig, Friedrich Theodor"]
[Black "Varain, Ernst-Helmuth"]
[Result "1-0"]
[WhiteElo "1928"]
[BlackElo "2034"]
[PlyCount "35"]

1. d4 Nf6 2. c4 c5 3. d5 e5 4. Nc3 d6 5. e4 Be7 6. Bd3 Nbd7 7. Nge2 O-O 8. Ng3 Ne8 9. Qg4 Kh8 10. Nf5 Bf6 11. h4 a6 12. a4 b6 13. Qf3 Ra7 14. g4 Be7 15. g5 Nb8 16. Qg4 h6 17. Qh5 Kh7 18. Rg1 1-0

[Event "SV Großhansdorf - SK Marmstorf"]
[Site "Landesliga Hamburg 2022/23"]
[Date "2023.04.02"]
[Round "7.39"]
[White "Fabig, Holger"]
[Black "Limbach, Torsten"]
[Result "1-0"]
[WhiteElo "1990"]
[BlackElo "1970"]
[PlyCount "89"]

1. e4 c5 2. Nc3 g6 3. g3 Bg7 4. Bg2 Nc6 5. d3 e6 6. Be3 Nd4 7. Qd2 Ne7 8. Nd1 d6 9. c3 Ndc6 10. Bh6 O-O 11. h4 Bxh6 12. Qxh6 f6 13. Qd2 d5 14. f4 d4 15. c4 e5 16. Nf2 a6 17. Nf3 Be6 18. h5 exf4 19. gxf4 Qa5 20. hxg6 Qxd2+ 21. Kxd2 hxg6 22. Rag1 Kg7 23. Nh4 Rh8 24. f5 g5 25. fxe6 Rxh4 26. Rxh4 gxh4 27. Bh3+ Ng6 28. Bf5 Nce5 29. Ke2 Rg8 30. Nh3 Kf8 31. Kd1 Ne7 32. Rxg8+ Kxg8 33. Nf4 Nxf5 34. exf5 h3 35. Nxh3 Nxd3 36. Kc2 Ne5 37. b3 Nc6 38. Nf2 b6 39. Kd3 Nb4+ 40. Ke4 Nxa2 41. Kd5 d3 42. Nxd3 Kf8 43. Kc6 Ke7 44. Nf4 b5 45. Nd5+ 1-0

[Event "SV Großhansdorf - SK Marmstorf"]
[Site "Landesliga Hamburg 2022/23"]
[Date "2023.04.02"]
[Round "7.40"]
[White "Baldauf, Bastian"]
[Black "Herlan, Klaus-Juergen"]
[Result "1-0"]
[WhiteElo "2076"]
[BlackElo "2008"]
[PlyCount "79"]

1. e4 c5 2. Nf3 e6 3. d4 cxd4 4. Nxd4 a6 5. c4 Nf6 6. Nc3 Qc7 7. Be3 Nc6 8. Rc1 Bb4 9. f3 O-O 10. Kf2 Nxd4 11. Qxd4 d6 12. Na4 Bd7 13. c5 Bxc5 14. Nxc5 dxc5 15. Rxc5 Bc6 16. Qc3 Nd7 17. Rg5 f6 18. Rg3 b5 19. Be2 Rac8 20. Rc1 Qd6 21. Rd1 Qe7 22. Qa5 Bb7 23. a4 bxa4 24. Qxa4 Nc5 25. Qa3 f5 26. exf5 Rxf5 27. Kg1 Rd5 28. Rc1 Qd7 29. Rxc5 Rcxc5 30. Bxc5 Rd1+ 31. Kf2 Rd5 32. Bf8 g6 33. Bh6 Rf5 34. Rg4 Qc7 35. Qc3 Qb6+ 36. Qd4 Qc7 37. Qc4 Qb6+ 38. Qd4 Qc7 39. Rf4 e5 40. Qc4+ 1-0

[Event "Hamburger SK V - SK Marmstorf"]
[Site "Landesliga Hamburg 2022/23"]
[Date "2023.05.06"]
[Round "8.1"]
[White "Kuberczyk, Christoph"]
[Black "Engel, Robert"]
[Result "1/2-1/2"]
[WhiteElo "2282"]
[BlackElo "2132"]
[PlyCount "68"]

1. c4 e5 2. e3 Nf6 3. Nc3 Bb4 4. Nge2 O-O 5. a3 Bxc3 6. Nxc3 c6 7. d4 exd4 8.
Qxd4 d5 9. Qh4 Bf5 10. cxd5 cxd5 11. Be2 Nc6 12. O-O Ne4 13. Qf4 Nxc3 14. bxc3
Bg6 15. Rd1 Qa5 16. Bd2 Qc5 17. Qc7 b6 18. Ba6 Rad8 19. Be1 Rfe8 20. Bb7 Rd6
21. c4 d4 22. Bxc6 Rxc6 23. Qd7 Rcc8 24. Rxd4 a5 25. Qd5 h6 26. h3 Re5 27. Qxc5
Rexc5 28. Rc1 Bf5 29. f3 Be6 30. Rd6 Rxc4 31. Rxc4 Rxc4 32. Rxb6 Ra4 33. Ra6
Rxa3 34. Rxa5 Rxe3 1/2-1/2

[Event "Hamburger SK V - SK Marmstorf"]
[Site "Landesliga Hamburg 2022/23"]
[Date "2023.05.06"]
[Round "8.2"]
[White "Fuhrmann, Bahne"]
[Black "Hawellek, Jeronimo"]
[Result "0-1"]
[WhiteElo "2066"]
[BlackElo "2278"]
[PlyCount "64"]

1. e4 Nc6 2. Bc4 e6 3. Nc3 Nf6 4. Bb5 Nd4 5. e5 Nd5 6. Nxd5 exd5 7. Ba4 Qg5 8.
Kf1 Qxe5 9. c3 Ne6 10. d4 Qf6 11. h4 Bd6 12. Bg5 Nxg5 13. hxg5 Qxg5 14. Rh5 Qf6
15. Qe2+ Kd8 16. g4 g6 17. Rh3 c6 18. Nf3 Bf4 19. Re1 h5 20. g5 Qe6 21. Rh4
Qxe2+ 22. Rxe2 Bd6 23. Kg2 Re8 24. Ne5 Bxe5 25. Rxe5 Rxe5 26. dxe5 d6 27. Rf4
Bf5 28. exd6 Kd7 29. c4 dxc4 30. Rd4 Re8 31. Bd1 Re4 32. Rd2 Re6 0-1

[Event "Hamburger SK V - SK Marmstorf"]
[Site "Landesliga Hamburg 2022/23"]
[Date "2023.05.06"]
[Round "8.3"]
[White "Mueller, Jan-Hendrik"]
[Black "Klaas, Heiko"]
[Result "1/2-1/2"]
[WhiteElo "2143"]
[BlackElo "1950"]
[PlyCount "144"]

1. d4 d5 2. Nf3 Nf6 3. c4 e6 4. e3 Bd6 5. b3 O-O 6. Bd3 b6 7. O-O Bb7 8. cxd5
Nxd5 9. a3 Nf6 10. Nbd2 Nbd7 11. Nc4 Re8 12. Bb2 Bf8 13. Qe2 c5 14. Rfd1 Qe7
15. Rac1 Rac8 16. Bb1 Red8 17. e4 cxd4 18. Nxd4 Nc5 19. e5 Ne8 20. b4 Nd7 21.
Nb5 Bd5 22. Re1 a6 23. Nbd6 Nxd6 24. Nxd6 Rxc1 25. Rxc1 Nb8 26. Qc2 g6 27. Ne4
Bh6 28. Nf6+ Kg7 29. Rd1 Ba8 30. Ng4 Rxd1+ 31. Qxd1 Qd7 32. Qxd7 Nxd7 33. Nxh6
Kxh6 34. f4 b5 35. Bd4 Bd5 36. Bd3 Nb8 37. Bc5 Kg7 38. g4 f5 39. exf6+ Kxf6 40.
Kf2 Nc6 41. g5+ Kf7 42. h4 e5 43. f5 e4 44. fxg6+ Kxg6 45. Bc2 Kf5 46. Ke3 Ne5
47. Kd4 Bb7 48. a4 Nf3+ 49. Ke3 Nxh4 50. axb5 axb5 51. Bd1 Ng2+ 52. Kf2 Nf4 53.
Kg3 Nd5 54. Bc2 Bc6 55. Bd6 Ne3 56. Bb1 Nf1+ 57. Kh4 Nd2 58. Bc2 Nf3+ 59. Kh5
Nxg5 60. Bb8 Nf7 61. Bb3 Ne5 62. Bg8 Be8+ 63. Kh4 Bg6 64. Kg3 e3 65. Bd5 e2 66.
Kf2 Bh5 67. Bxe5 Kxe5 68. Bc6 Kd4 69. Bxb5 Kc3 70. Bxe2 Bxe2 71. Kxe2 Kxb4 72.
Kf3 Kc4 1/2-1/2

[Event "Hamburger SK V - SK Marmstorf"]
[Site "Landesliga Hamburg 2022/23"]
[Date "2023.05.06"]
[Round "8.4"]
[White "Avdic, Faris"]
[Black "Diekmann, Jens"]
[Result "1/2-1/2"]
[WhiteElo "2100"]
[BlackElo "2044"]
[PlyCount "117"]

1. d4 Nf6 2. c4 e6 3. Nc3 Bb4 4. f3 d5 5. a3 Bxc3+ 6. bxc3 O-O 7. cxd5 exd5 8.
e3 Bf5 9. Ne2 Nbd7 10. Ng3 Bg6 11. Bd3 Re8 12. O-O c5 13. Ra2 Qa5 14. Bxg6 hxg6
15. Qb3 Nb6 16. a4 Rac8 17. e4 cxd4 18. cxd4 Qc3 19. Qxc3 Rxc3 20. e5 Nfd7 21.
Ne2 Rc4 22. a5 Na8 23. Be3 Rec8 24. Rb1 b6 25. axb6 axb6 26. Ra7 Nc7 27. Nf4 b5
28. Rxc7 R8xc7 29. Rxb5 Ra7 30. h4 Rc2 31. Nxd5 Kh7 32. Nf4 Ra3 33. Rb7 Nf8 34.
Nd5 Ra1+ 35. Kh2 Raa2 36. Nf4 Ne6 37. Rxf7 Nxf4 38. Bxf4 Rxg2+ 39. Kh3 Rg1 40.
e6 Rh1+ 41. Kg4 Rg2+ 42. Bg3 g5 43. e7 Kg6 44. Rxg7+ Kxg7 45. e8=Q gxh4 46. d5
Rxg3+ 47. Kf4 Rhh3 48. Qe7+ Kg6 49. Qe6+ Kg7 50. d6 Rxf3+ 51. Kg5 Rhg3+ 52. Kh5
Re3 53. Qd7+ Kf6 54. Qd8+ Kf7 55. d7 Re5+ 56. Kxh4 Ree3 57. Qe8+ Rxe8 58.
dxe8=Q+ Kxe8 59. Kxg3 1/2-1/2